The Middle Ages - Statistics

General Stats
  • This quiz has been taken 19 times
  • The average score is 12 of 20
Answer Stats
Year Description Answer % Correct
476 This Empire falls after more than 1000 years of history Western Roman Empire
100%
800 Pope Leo III crowns this Frankish leader, who becomes the first Emperor in the west since 476 Charlemagne
87%
1096 The start date of this Christian military endeavor to conquer the Holy Land First Crusade
87%
1163 Construction begins on this Parisian cathedral Notre-Dame
87%
1346-1353 Terrible pandemic which sweeps through Europe, Asia and North Africa, killing up to 50 million people Black Death
80%
622 Muhammad, the founder of Islam, escapes from Mecca and takes refuge in this Arabian city Medina
80%
1492 Nation who finances the expedition of Columbus to America, an event which traditionally ends the Middle Ages Spain
73%
1258 The Mongols sack this capital of the Abbasid Caliphate, ending the Islamic Golden Age Baghdad
67%
1031 The Umayyad Caliphate based in this now-Spanish city collapses into many princedoms called taifas Cordoba
67%
1324 This faboulously rich ruler of the Mali Empire completes his Hajj to Mecca Mansa Musa
67%
1453 Constantinople, last bastion of the Byzantine Empire, falls to Mehmed II, ruler of this turkic dynasty Ottomans
67%
886 This Wessex ruler becomes the first King of England (or rather King of the Anglo-Saxons) Alfred the Great
60%
1469 This "Magnificent" patron of the arts becomes de facto ruler of the Florentine Republic Lorenzo de' Medici
53%
1402 The empire, which comprised much of central Asia and northern India, led by this turkic ruler reaches its greatest extent Timur
53%
1428 Alliance of three city-states that manages to take over most of the Valley of Mexico Aztec Empire
40%
793 A raid on a monastery found on this English island kickstarts the Viking Age Lindisfarne
27%
1215 King John Lackland signs this document, paving the way to the first forms of English parliamentarianism Magna Charta
27%
589 Chinese Dynasty who managed to reunify the Country after more than two centuries Sui
20%
1405-1433 This Chinese admiral travels across Asia with his treasure fleet Zheng He
20%
955 Otto I, later Emperor, defeats the Hungarians in this great battle Battle of Lechfeld
13%
No matching quizzes found
Score Distribution
Percent of People with Each Score
Percentile by Number Answered
Your Score History
You have not taken this quiz